[Event "Offene Hessische Senioren Einzelmeisters"]
[Site "Bad Sooden- Allendorf"]
[Date "2011.04.30"]
[Round "1.57"]
[White "Rost van Tonningen, Otto"]
[Black "Jung, Prof. Michael"]
[Result "1/2-1/2"]
[WhiteElo "2017"]
[BlackElo "1833"]
[PlyCount "32"]
[EventDate "2011.??.??"]

1. d4 d5 2. Nf3 Nf6 3. Bf4 g6 4. h3 Bg7 5. e3 O-O 6. Be2 a6 7. a4 Nbd7 8. O-O
c5 9. c3 b6 10. Nbd2 Bb7 11. Ne5 Rc8 12. Bf3 Ne4 13. Bxe4 dxe4 14. Nxd7 Qxd7
15. Nc4 Qe6 16. Qe2 cxd4 1/2-1/2

[Event "Offene Hessische Senioren Einzelmeisters"]
[Site "Bad Sooden- Allendorf"]
[Date "2011.04.30"]
[Round "1.58"]
[White "Kirchberg, Hans-Georg"]
[Black "Kalix, Wolfgang"]
[Result "1-0"]
[WhiteElo "1538"]
[BlackElo "2064"]
[PlyCount "71"]
[EventDate "2011.??.??"]

1. d4 Nf6 2. Nf3 e6 3. e3 c5 4. Bd3 Nc6 5. c3 cxd4 6. exd4 b6 7. Bg5 Be7 8.
Nbd2 h6 9. Bh4 Bb7 10. O-O Nh5 11. Bxe7 Nxe7 12. Be4 Qc7 13. Bxb7 Qxb7 14. Ne5
Nf6 15. Qf3 Qxf3 16. Nexf3 Nc6 17. Rfe1 d5 18. Ne5 Nxe5 19. Rxe5 Rc8 20. h3 O-O
21. Ree1 Rc7 22. a4 Rb8 23. Rec1 b5 24. axb5 Rxb5 25. Rcb1 Rcb7 26. Ra2 Ne8 27.
b3 Nd6 28. Rba1 Rc7 29. Rxa7 Rxc3 30. Rd7 Rb6 31. Raa7 Rc1+ 32. Kh2 Rc2 33. Nf3
Rxf2 34. Ne5 h5 35. Rd8+ Kh7 36. Raa8 1-0

[Event "Offene Hessische Senioren Einzelmeisters"]
[Site "Bad Sooden- Allendorf"]
[Date "2011.04.30"]
[Round "1.59"]
[White "Nagorni, Walter"]
[Black "Schneider, Hans"]
[Result "1-0"]
[WhiteElo "2108"]
[BlackElo "1793"]
[PlyCount "65"]
[EventDate "2011.??.??"]

1. Nf3 d5 2. d4 g6 3. g3 Bg7 4. Bg2 Nf6 5. O-O O-O 6. c4 c6 7. Nc3 dxc4 8. a4
Nbd7 9. Qc2 a5 10. Rd1 Nb6 11. e4 Bg4 12. Be3 Bxf3 13. Bxf3 e6 14. Rab1 Nfd7
15. Bg2 Qc7 16. b4 Rfd8 17. b5 c5 18. d5 Qe5 19. Rbc1 Qh5 20. dxe6 fxe6 21. Ne2
g5 22. Rd6 Qg6 23. Bh3 Re8 24. Rcd1 Re7 25. Bxc5 Nxc5 26. Rxb6 Rb8 27. Qxc4
Nxe4 28. Rxe6 Rxe6 29. Qxe6+ Qxe6 30. Bxe6+ Kh8 31. f4 Nc5 32. Bd5 b6 33. fxg5
1-0

[Event "Offene Hessische Senioren Einzelmeisters"]
[Site "Bad Sooden- Allendorf"]
[Date "2011.04.30"]
[Round "1.60"]
[White "Janzen, Christian"]
[Black "Oldach, Ehrenfried"]
[Result "0-1"]
[WhiteElo "1759"]
[BlackElo "2033"]
[PlyCount "38"]
[EventDate "2011.??.??"]

1. e4 e5 2. Nf3 Nc6 3. Bc4 Be7 4. O-O Nf6 5. Re1 d6 6. d4 Bg4 7. d5 Nd4 8. c3
Nxf3+ 9. gxf3 Bd7 10. Bf1 Nh5 11. Be3 Bg5 12. Bg2 Bf4 13. Qe2 Qh4 14. Bxf4 Nxf4
15. Qf1 O-O 16. c4 f5 17. Nc3 Rf6 18. Ne2 Nxg2 19. Kxg2 fxe4 0-1

[Event "Offene Hessische Senioren Einzelmeisters"]
[Site "Bad Sooden- Allendorf"]
[Date "2011.04.30"]
[Round "1.61"]
[White "Ahlberg, Günter"]
[Black "Knaak, Hans"]
[Result "1/2-1/2"]
[WhiteElo "2052"]
[BlackElo "1768"]
[PlyCount "60"]
[EventDate "2011.??.??"]

1. e4 c5 2. Nf3 d6 3. Bb5+ Bd7 4. Qe2 Nf6 5. e5 dxe5 6. Nxe5 e6 7. O-O Be7 8.
Nc3 O-O 9. Rd1 Qb6 10. a4 Nc6 11. Nxd7 Nxd7 12. Bxc6 Qxc6 13. d4 Bf6 14. d5
exd5 15. Nxd5 Rfe8 16. Be3 Bd4 17. c4 Nf6 18. Nxf6+ Qxf6 19. Rab1 Qe6 20. b4 b6
21. bxc5 Bxc5 22. Rb3 Qc6 23. Ra1 Re6 24. Qd2 Rg6 25. Qd5 Qxd5 26. cxd5 Bxe3
27. Rxe3 Rd6 28. Rd1 Kf8 29. Kf1 Rc8 30. Re4 Rc5 1/2-1/2

[Event "Offene Hessische Senioren Einzelmeisters"]
[Site "Bad Sooden- Allendorf"]
[Date "2011.04.30"]
[Round "1.62"]
[White "Graffenberger, Wilhelm"]
[Black "Kleist, Werner"]
[Result "0-1"]
[WhiteElo "1762"]
[BlackElo "1900"]
[PlyCount "66"]
[EventDate "2011.??.??"]

1. d4 d5 2. Nf3 Nf6 3. e3 Bg4 4. Bd3 Nc6 5. c3 e5 6. dxe5 Nxe5 7. Qa4+ Bd7 8.
Qd1 Nxd3+ 9. Qxd3 Bd6 10. Nbd2 O-O 11. O-O Bc6 12. Nd4 Bd7 13. N2f3 Qe8 14. Re1
c5 15. Nf5 Bc7 16. Bd2 Qe4 17. Qxe4 dxe4 18. Ne7+ Kh8 19. Nh4 Rfe8 20. Nef5 g5
21. Nh6 gxh4 22. Nxf7+ Kg7 23. Ng5 h6 24. Nh3 Bxh3 25. gxh3 Rad8 26. Rad1 c4
27. Kh1 Rd5 28. b3 Red8 29. Re2 b5 30. Rg1+ Rg5 31. f3 exf3 32. Rf2 Rxg1+ 33.
Kxg1 Ne4 0-1

[Event "Offene Hessische Senioren Einzelmeisters"]
[Site "Bad Sooden- Allendorf"]
[Date "2011.04.30"]
[Round "1.63"]
[White "Rychlik, Kurt"]
[Black "Zoll, Theo"]
[Result "1-0"]
[WhiteElo "2106"]
[BlackElo "1753"]
[PlyCount "47"]
[EventDate "2011.??.??"]

1. e4 c5 2. Nf3 Nc6 3. d4 cxd4 4. Nxd4 Nf6 5. Nc3 e6 6. Be3 a6 7. Be2 Be7 8.
O-O Qc7 9. Qd2 d6 10. f4 Bd7 11. Kh1 b5 12. Bf3 Rb8 13. Qf2 b4 14. Nce2 O-O 15.
g4 e5 16. Nf5 exf4 17. Nxf4 Rfe8 18. g5 Bxf5 19. gxf6 Bxe4 20. Bxe4 Bxf6 21.
Nd5 Qa5 22. Nxf6+ gxf6 23. Bxc6 Re5 24. Qxf6 1-0

[Event "Offene Hessische Senioren Einzelmeisters"]
[Site "Bad Sooden- Allendorf"]
[Date "2011.04.30"]
[Round "1.64"]
[White "Dinius, Helmut"]
[Black "Schumacher, Helmut"]
[Result "1/2-1/2"]
[WhiteElo "1774"]
[BlackElo "2085"]
[PlyCount "89"]
[EventDate "2011.??.??"]

1. e4 e6 2. Nc3 d5 3. exd5 exd5 4. d3 c6 5. h3 Bf5 6. Bf4 Bd6 7. Bxd6 Qxd6 8.
Be2 Nf6 9. Nf3 h6 10. O-O O-O 11. Nh2 d4 12. Nb1 Nbd7 13. Nd2 b5 14. Ng4 Rfe8
15. Nxf6+ Nxf6 16. Bf3 Re7 17. Re1 Rae8 18. Rxe7 Rxe7 19. Nb3 c5 20. Nd2 Qd7
21. Nf1 Nd5 22. Qd2 Qd6 23. Bxd5 Qxd5 24. Ng3 Bg6 25. b3 c4 26. Qb4 Rb7 27.
bxc4 bxc4 28. Qa3 Qb5 29. Ne2 cxd3 30. cxd3 Qe5 31. Ng3 Rc7 32. Rd1 a5 33. Qb2
Re7 34. Qd2 h5 35. Nf1 Qe2 36. Ng3 Qxd2 37. Rxd2 a4 38. Kf1 Rb7 39. Ke2 a3 40.
Ne4 Re7 41. Kd1 Bxe4 42. dxe4 Rxe4 43. Rd3 f5 44. Rxa3 Kf7 45. Kd2 1/2-1/2

[Event "Offene Hessische Senioren Einzelmeisters"]
[Site "Bad Sooden- Allendorf"]
[Date "2011.04.30"]
[Round "1.65"]
[White "Schlachetka, Werner"]
[Black "Bangert, Rüdiger"]
[Result "1-0"]
[WhiteElo "2091"]
[BlackElo "1684"]
[PlyCount "87"]
[EventDate "2011.??.??"]

1. e4 d6 2. d4 Nf6 3. Nc3 b6 4. g3 Bb7 5. Bg2 c5 6. Nge2 a6 7. O-O Nc6 8. d5
Ne5 9. f4 Ned7 10. a4 g6 11. h3 Bg7 12. g4 e6 13. dxe6 fxe6 14. Qxd6 Nf8 15.
Qxd8+ Rxd8 16. e5 Bxg2 17. exf6 Bxf6 18. Kxg2 Nd7 19. Ne4 Be7 20. Be3 O-O 21.
N2g3 Nf6 22. Nxf6+ Bxf6 23. c3 Rd3 24. Kf3 Rfd8 25. Ke2 Bh4 26. Ne4 Be7 27.
Rfd1 c4 28. Nf2 R3d5 29. Rxd5 exd5 30. Bxb6 Rb8 31. a5 Rb7 32. Rd1 Rd7 33. Ne4
h6 34. Nc5 Bxc5 35. Bxc5 Kf7 36. Re1 Rb7 37. Bb6 Rd7 38. Kf3 Rb7 39. Re5 Rd7
40. Ke3 Kf6 41. Kd4 g5 42. f5 h5 43. Rxd5 Re7 44. Bd8 1-0

[Event "Offene Hessische Senioren Einzelmeisters"]
[Site "Bad Sooden- Allendorf"]
[Date "2011.04.30"]
[Round "1.67"]
[White "Reinhold, Dr. Klaus"]
[Black "Klein, Alfred"]
[Result "1-0"]
[WhiteElo "2114"]
[BlackElo "1737"]
[PlyCount "53"]
[EventDate "2011.??.??"]

1. d4 Nf6 2. c4 g6 3. Nc3 Bg7 4. e4 d6 5. f4 O-O 6. Nf3 c5 7. d5 Na6 8. Bd3 Bd7
9. O-O Nc7 10. e5 dxe5 11. fxe5 Ng4 12. Bf4 Nh6 13. Qd2 Nf5 14. Be2 Bh8 15.
Rad1 Qc8 16. h3 Re8 17. g4 Ng7 18. Ng5 e6 19. d6 Na6 20. Nge4 Kf8 21. Nf6 Rd8
22. Nxh7+ Kg8 23. Nf6+ Kf8 24. Bh6 Nb8 25. Nce4 b6 26. Nh7+ Kg8 27. Nef6# 1-0

[Event "Offene Hessische Senioren Einzelmeisters"]
[Site "Bad Sooden- Allendorf"]
[Date "2011.04.30"]
[Round "1.68"]
[White "Borkenhagen, Bernd"]
[Black "Krotofil, Kurt"]
[Result "0-1"]
[WhiteElo "1724"]
[BlackElo "2039"]
[PlyCount "78"]
[EventDate "2011.??.??"]

1. d4 Nf6 2. e3 b6 3. Qf3 Nc6 4. Bb5 Bb7 5. Bxc6 Bxc6 6. Qh3 Qc8 7. Nd2 Qb7 8.
Ngf3 g6 9. O-O d6 10. c3 Bg7 11. b4 O-O 12. Bb2 Rfe8 13. a4 e5 14. dxe5 dxe5
15. c4 Rad8 16. b5 Bd7 17. Qh4 Ng4 18. h3 Bf6 19. Qg3 e4 20. Bxf6 Nxf6 21. Nd4
c5 22. N4b3 Bf5 23. Qg5 Kg7 24. g4 Be6 25. Rfc1 Rd3 26. Rc2 Qd7 27. Rac1 Qd6
28. Kg2 Bc8 29. Qh4 h6 30. Qg3 Qxg3+ 31. Kxg3 Nd7 32. Ra1 Ne5 33. Nc1 Rdd8 34.
a5 f5 35. gxf5 gxf5 36. axb6 axb6 37. Ra7+ Kf6 38. Ra3 Rg8+ 39. Kh2 Rxd2 0-1

[Event "Offene Hessische Senioren Einzelmeisters"]
[Site "Bad Sooden- Allendorf"]
[Date "2011.04.30"]
[Round "1.70"]
[White "Mittelstaedt, Ewald"]
[Black "Mann, Klaus-Dieter"]
[Result "0-1"]
[WhiteElo "1684"]
[BlackElo "2116"]
[PlyCount "58"]
[EventDate "2011.??.??"]

1. d4 Nf6 2. Nf3 g6 3. c4 Bg7 4. Nc3 d6 5. e4 O-O 6. Be2 Nbd7 7. O-O e5 8. d5
Nc5 9. Qc2 a5 10. Rb1 Ncxe4 11. Nxe4 Nxe4 12. Be3 f5 13. Bd3 Nf6 14. Ne1 b6 15.
f3 Bd7 16. Bg5 Qe8 17. Qd2 Qf7 18. Nc2 Nh5 19. g4 fxg4 20. fxg4 Nf4 21. Bxf4
exf4 22. h3 Rae8 23. Rbe1 Be5 24. Ne3 fxe3 25. Qxe3 Qg7 26. Rxf8+ Rxf8 27. Qg5
Bf6 28. Qd2 Bxb2 29. Kg2 Bc3 0-1

[Event "Offene Hessische Senioren Einzelmeisters"]
[Site "Bad Sooden- Allendorf"]
[Date "2011.04.30"]
[Round "1.71"]
[White "Gudat, Alfons"]
[Black "Auerswald, Dr. Gottfried"]
[Result "1-0"]
[WhiteElo "2051"]
[BlackElo "1703"]
[PlyCount "91"]
[EventDate "2011.??.??"]

1. e4 c6 2. d4 d5 3. Nc3 dxe4 4. Nxe4 Bf5 5. Ng3 Bg6 6. Nf3 e6 7. h4 h6 8. h5
Bh7 9. Bd3 Bxd3 10. Qxd3 Bd6 11. Ne4 Nf6 12. Bd2 Nxe4 13. Qxe4 Nd7 14. O-O-O
Nf6 15. Qe2 Qc7 16. g3 O-O-O 17. Kb1 Rhe8 18. c4 c5 19. Bc3 Bf8 20. dxc5 Rxd1+
21. Rxd1 Qxc5 22. Ne5 Qc7 23. f4 Rd8 24. Rxd8+ Kxd8 25. g4 Ke8 26. f5 Qd6 27.
a3 Nd7 28. Nd3 Qb6 29. Ka2 Kd8 30. fxe6 Qxe6 31. Qxe6 fxe6 32. Nf4 Ke7 33. b4
Kf7 34. Kb3 Nf6 35. Bxf6 Kxf6 36. c5 Be7 37. Kc4 Bd8 38. Kd3 Bc7 39. Ke4 Kg5
40. Nxe6+ Kxg4 41. Nxc7 Kxh5 42. b5 Kg4 43. Ne6 h5 44. c6 bxc6 45. bxc6 Kh4 46.
c7 1-0

[Event "Offene Hessische Senioren Einzelmeisters"]
[Site "Bad Sooden- Allendorf"]
[Date "2011.04.30"]
[Round "1.72"]
[White "Krause, Werner"]
[Black "Kneschke, Hansjürgen"]
[Result "0-1"]
[WhiteElo "1695"]
[BlackElo "1871"]
[PlyCount "84"]
[EventDate "2011.??.??"]

1. Nc3 c5 2. f4 d5 3. Nf3 Nf6 4. g3 d4 5. Nb1 Nc6 6. Bg2 Be6 7. O-O Qd7 8. b3
Bh3 9. Ba3 Bxg2 10. Kxg2 e6 11. c4 Rd8 12. h3 Be7 13. d3 h6 14. Nbd2 Qc7 15.
Ne4 Nd7 16. Qd2 f5 17. Nf2 Bf6 18. Rae1 O-O 19. e4 Rfe8 20. e5 Be7 21. Rh1 g6
22. Rhg1 Kf7 23. Kh2 Rg8 24. g4 Nf8 25. Rg2 a5 26. Reg1 Ra8 27. gxf5 exf5 28.
Qe2 a4 29. e6+ Nxe6 30. b4 Nxf4 31. Qd2 cxb4 32. Rg3 bxa3 33. Re1 Bb4 34. Ne5+
Qxe5 35. Qxb4 Nxb4 36. Rxe5 Nxa2 37. Rg1 Nc3 38. Ra1 a2 39. Rc5 Rgc8 40. Re5
Re8 41. Rc5 Rac8 42. Ra5 Re2 0-1

[Event "Offene Hessische Senioren Einzelmeisters"]
[Site "Bad Sooden- Allendorf"]
[Date "2011.04.30"]
[Round "1.73"]
[White "Josting, Friedel"]
[Black "Hespers, Rolf"]
[Result "1/2-1/2"]
[WhiteElo "2023"]
[BlackElo "1784"]
[PlyCount "80"]
[EventDate "2011.??.??"]

1. Nf3 Nf6 2. d4 e6 3. c4 b6 4. Bf4 Bb7 5. e3 Bb4+ 6. Nc3 Ne4 7. Rc1 Nxc3 8.
bxc3 Be7 9. Bd3 d6 10. O-O Nd7 11. Re1 O-O 12. e4 Nf6 13. h3 a5 14. Qc2 h6 15.
Rb1 Nh7 16. Nh2 Bg5 17. Bg3 Re8 18. e5 Nf8 19. Be4 Bxe4 20. Qxe4 d5 21. Qe2 Ng6
22. cxd5 Qxd5 23. Rb5 Qd7 24. Reb1 Reb8 25. Qe4 Bd8 26. Nf3 c6 27. R5b2 Qd5 28.
Qg4 Qc4 29. h4 Qxc3 30. h5 Nf8 31. Bf4 Kh7 32. Be3 Qc4 33. Qe4+ Kg8 34. g4 Qd5
35. Qf4 Nh7 36. Qg3 Rb7 37. g5 hxg5 38. Nxg5 Nxg5 39. Bxg5 Bxg5 40. Qxg5 Qd8
1/2-1/2

[Event "Offene Hessische Senioren Einzelmeisters"]
[Site "Bad Sooden- Allendorf"]
[Date "2011.04.30"]
[Round "1.74"]
[White "Schumacher, Ursula"]
[Black "Höllger, Herbert"]
[Result "0-1"]
[WhiteElo "1667"]
[BlackElo "2077"]
[PlyCount "57"]
[EventDate "2011.??.??"]

1. c4 g6 2. Nc3 Bg7 3. d4 d6 4. Nf3 Nd7 5. e3 e5 6. Be2 Ngf6 7. O-O O-O 8. h3
Re8 9. Ng5 h6 10. Nf3 b6 11. Nh2 Bb7 12. d5 a5 13. e4 Nc5 14. f3 Nh5 15. Rf2
Nf4 16. a4 Qh4 17. Be3 Bc8 18. Bf1 f5 19. Rb1 Nh5 20. Rd2 fxe4 21. Bf2 Qg5 22.
Ng4 exf3 23. gxf3 Nf4 24. Kh2 e4 25. Be3 h5 26. Nf2 Be5 27. Kh1 Qg3 28. Ncxe4
Nxe4 29. Nxe4 0-1

[Event "Offene Hessische Senioren Einzelmeisters"]
[Site "Bad Sooden- Allendorf"]
[Date "2011.04.30"]
[Round "1.75"]
[White "Just, Joachim"]
[Black "Ludwig, Richard"]
[Result "1-0"]
[WhiteElo "2032"]
[BlackElo "1716"]
[PlyCount "90"]
[EventDate "2011.??.??"]

1. g3 e5 2. c4 Nf6 3. Bg2 Nc6 4. Nc3 Bc5 5. e3 O-O 6. Nge2 Re8 7. O-O e4 8. a3
a6 9. b4 Ba7 10. Qc2 d6 11. Nxe4 Bf5 12. d3 Nxe4 13. dxe4 Bg6 14. Nf4 Ne5 15.
Bb2 Rc8 16. Rad1 Qe7 17. Qc3 f6 18. Nxg6 Nxg6 19. Rd2 Ne5 20. Qb3 Kh8 21. Rfd1
Qe6 22. Bxe5 fxe5 23. Qd3 h6 24. h4 Rcd8 25. Qe2 Qf6 26. Qg4 Rf8 27. Bh3 Qe7
28. Qe6 Qxe6 29. Bxe6 Rf6 30. Bh3 Rdf8 31. Kg2 g6 32. Rc2 c6 33. Rdd2 d5 34.
cxd5 cxd5 35. exd5 Rd6 36. Be6 Bb6 37. Rd1 Kg7 38. Rc8 Rfd8 39. Rxd8 Bxd8 40.
Rc1 Kf6 41. Kf3 b6 42. Ke4 h5 43. Bc8 a5 44. b5 g5 45. hxg5+ Kxg5 1-0

[Event "Offene Hessische Senioren Einzelmeisters"]
[Site "Bad Sooden- Allendorf"]
[Date "2011.04.30"]
[Round "1.76"]
[White "Wilfert, Eva-Maria"]
[Black "Kühn, Peter"]
[Result "0-1"]
[WhiteElo "1743"]
[BlackElo "1993"]
[PlyCount "136"]
[EventDate "2011.??.??"]

1. d4 f5 2. Nf3 Nf6 3. Nc3 e6 4. Bg5 Bb4 5. Bd2 b6 6. a3 Bxc3 7. Bxc3 Ne4 8.
Qd3 O-O 9. e3 Ba6 10. Qd1 Nxc3 11. bxc3 Bxf1 12. Rxf1 d6 13. Qd3 Nd7 14. h4 Qe7
15. h5 Nf6 16. Rh1 Ne4 17. g3 c5 18. d5 e5 19. c4 Rab8 20. a4 Qd7 21. Nd2 Nf6
22. Qe2 e4 23. Nb1 Qe7 24. Nc3 Qe5 25. Kd2 Ng4 26. Rab1 Rfe8 27. Nb5 Qe7 28.
Qf1 Ne5 29. Nc3 Nf3+ 30. Kc1 Qf6 31. Ne2 a6 32. Rb3 Qa1+ 33. Rb1 Qxb1+ 34. Kxb1
Nd2+ 35. Kc1 Nxf1 36. Rxf1 b5 37. cxb5 axb5 38. axb5 Rxb5 39. Nf4 Reb8 40. Kd2
Rb1 41. Rc1 Kf7 42. Ne2 Kf6 43. Nf4 g5 44. hxg6 hxg6 45. Ne2 Rxc1 46. Kxc1 Rh8
47. Nc3 Rh2 48. Nd1 Kg5 49. Kd2 Kf6 50. Ke2 Ke5 51. c4 g5 52. Nc3 f4 53. gxf4+
gxf4 54. exf4+ Kxf4 55. Nd1 Ke5 56. Ne3 Kd4 57. Nf5+ Kxc4 58. Nxd6+ Kxd5 59.
Nf5 Ke5 60. Ne3 Kd4 61. Nf5+ Kc3 62. Ke3 Kb3 63. Nd6 c4 64. Nxe4 c3 65. Nc5+
Kb2 66. Nd3+ Kb1 67. f4 Rh3+ 68. Ke4 Rxd3 0-1

[Event "Offene Hessische Senioren Einzelmeisters"]
[Site "Bad Sooden- Allendorf"]
[Date "2011.04.30"]
[Round "1.77"]
[White "Türtmann, Dieter"]
[Black "Klose, Hans-Peter"]
[Result "1-0"]
[WhiteElo "1973"]
[BlackElo "1729"]
[PlyCount "147"]
[EventDate "2011.??.??"]

1. Nf3 Nf6 2. e3 g6 3. c4 c5 4. Nc3 Bg7 5. Be2 O-O 6. O-O d6 7. d4 Nc6 8. d5
Ne5 9. h3 Nxf3+ 10. Bxf3 e6 11. Qc2 Rb8 12. a4 b6 13. Rd1 e5 14. e4 h5 15. Bg5
Qd7 16. Qd2 Nh7 17. Bh6 Qd8 18. Bxg7 Kxg7 19. Qe3 Qg5 20. Qxg5 Nxg5 21. Be2 f5
22. f3 a6 23. Rab1 Bd7 24. h4 Nf7 25. Bd3 f4 26. Kf2 Rg8 27. b4 g5 28. hxg5
Nxg5 29. Rb2 cxb4 30. Rxb4 a5 31. Rbb1 Kf6 32. Rh1 Rh8 33. Rh4 Rh6 34. Rbh1
Rbh8 35. Ke2 Nf7 36. Bc2 Kg5 37. Kd3 Nd8 38. Ke2 Nb7 39. R4h2 Rc8 40. Kd3 Nc5+
41. Kd2 Na6 42. Bb3 Nc5 43. Bc2 Na6 44. Bd3 Nc5 45. Rb1 Rb8 46. Bc2 Na6 47. Nd1
Nc5 48. Nb2 Be8 49. Rbh1 Na6 50. Nd3 Rb7 51. Rb1 Nc5 52. Nxc5 dxc5 53. Ke2 Bd7
54. Kf2 Be8 55. g3 fxg3+ 56. Kxg3 Rf7 57. Rg1 Kg6 58. Kf2+ Kh7 59. Rg5 Re7 60.
Rh4 Bg6 61. Ke3 Re8 62. Bd1 Re7 63. Rg2 Be8 64. f4 exf4+ 65. Rxf4 Rg7 66. Rxg7+
Kxg7 67. e5 h4 68. Rf1 Bh5 69. d6 Bf7 70. d7 Rh8 71. Rg1+ Kh6 72. Bg4 Bxc4 73.
e6 b5 74. e7 1-0

[Event "Offene Hessische Senioren Einzelmeisters"]
[Site "Bad Sooden- Allendorf"]
[Date "2011.04.30"]
[Round "1.78"]
[White "Donner, Ernst"]
[Black "Klein, Klaus"]
[Result "0-1"]
[WhiteElo "1648"]
[BlackElo "2057"]
[PlyCount "70"]
[EventDate "2011.??.??"]

1. e4 c5 2. Nc3 e6 3. g3 Nc6 4. Bg2 Nf6 5. d3 d5 6. Nce2 dxe4 7. dxe4 Qxd1+ 8.
Kxd1 c4 9. h3 Bc5 10. f3 O-O 11. Bg5 Nd7 12. Ke1 Nb4 13. Kf1 Nxc2 14. Rc1 Nb4
15. Rxc4 b5 16. Rc1 Nxa2 17. Rxc5 Nxc5 18. Be7 Nd3 19. Bxf8 Kxf8 20. Nc3 Nxc3
21. bxc3 a5 22. Ke2 Nb2 23. Kd2 a4 24. Ne2 Nc4+ 25. Kd3 e5 26. Ra1 Be6 27. Nc1
Rd8+ 28. Ke2 Rd2+ 29. Kf1 Ne3+ 30. Kg1 Rxg2+ 31. Kh1 Rd2 32. f4 f6 33. f5 Rd1+
34. Kh2 Bc4 35. g4 a3 0-1

[Event "Offene Hessische Senioren Einzelmeisters"]
[Site "Bad Sooden- Allendorf"]
[Date "2011.04.30"]
[Round "1.79"]
[White "Kempen, Willi"]
[Black "Wolff, Heinz"]
[Result "1-0"]
[WhiteElo "2046"]
[BlackElo "1613"]
[PlyCount "49"]
[EventDate "2011.??.??"]

1. e4 c5 2. Nf3 d6 3. d4 cxd4 4. Nxd4 Nf6 5. Nc3 a6 6. Be2 Nc6 7. Be3 e6 8. Qd2
h6 9. O-O-O Qc7 10. Kb1 b5 11. f3 Bb7 12. g4 Ne5 13. h4 Nc4 14. Bxc4 Qxc4 15.
g5 Nd7 16. g6 fxg6 17. b3 Qc8 18. Nxe6 Ne5 19. Nxf8 Nxf3 20. Qxd6 Rxf8 21. Nd5
Bxd5 22. Bc5 Rf7 23. exd5 Qd7 24. Qxg6 Rc8 25. Rhe1+ 1-0

[Event "Offene Hessische Senioren Einzelmeisters"]
[Site "Bad Sooden- Allendorf"]
[Date "2011.04.30"]
[Round "1.80"]
[White "Lübbers, Dr. Doris"]
[Black "Schnaitmann, Herbert"]
[Result "0-1"]
[WhiteElo "1602"]
[BlackElo "2044"]
[PlyCount "69"]
[EventDate "2011.??.??"]

1. d4 Nf6 2. Bf4 e6 3. e3 b6 4. Be2 Bb7 5. Nf3 Be7 6. h3 O-O 7. O-O a6 8. c4 d6
9. Nc3 Nbd7 10. a3 d5 11. cxd5 exd5 12. Qc2 c5 13. dxc5 bxc5 14. Rac1 Qa5 15.
Qb1 Rac8 16. Ne5 Nxe5 17. Bxe5 Nd7 18. Bf4 Bf6 19. Bg4 Rcd8 20. Rfd1 Ne5 21.
Bxe5 Bxe5 22. Be2 g6 23. Bf1 Rd7 24. g3 Rfd8 25. Rd3 d4 26. exd4 cxd4 27. Na2
Qd5 28. f3 Bxg3 29. Nb4 Qg5 30. Bg2 Bf4 31. Re1 a5 32. Nc2 Qg3 33. Qd1 Ba6 34.
Nxd4 Qh2+ 35. Kf1 0-1

[Event "Offene Hessische Senioren Einzelmeisters"]
[Site "Bad Sooden- Allendorf"]
[Date "2011.04.30"]
[Round "1.81"]
[White "Johannsen, Ingbert"]
[Black "Köhler, Marianne"]
[Result "1-0"]
[WhiteElo "2048"]
[BlackElo "1661"]
[PlyCount "99"]
[EventDate "2011.??.??"]

1. e4 e6 2. d4 d5 3. Nc3 Bb4 4. Bd3 c6 5. Nge2 dxe4 6. Bxe4 Ne7 7. O-O f5 8.
Bd3 Ng6 9. a3 Bxc3 10. bxc3 O-O 11. f4 Rf6 12. Kh1 Nf8 13. Ng1 Nbd7 14. Nf3 h6
15. Re1 Nb6 16. c4 Nbd7 17. Bb2 Rf7 18. Qd2 b6 19. Re2 Re7 20. Rae1 Qc7 21.
Bxf5 Nf6 22. Bh3 Bd7 23. Nh4 Ree8 24. Nf3 Rad8 25. Ne5 Bc8 26. Qc3 c5 27. dxc5
Qxc5 28. Nd3 Qc7 29. Ne5 a6 30. Re3 Bb7 31. Rd3 Ne4 32. Rxd8 Rxd8 33. Qf3 Rd2
34. Rxe4 Bxe4 35. Qg4 Qd6 36. Nf3 g6 37. Ng1 Bf5 38. Qf3 Bxh3 39. Qxh3 Qxf4 40.
Qc3 e5 41. Bc1 Qd4 42. Bxd2 Qxc3 43. Bxc3 e4 44. Bd4 Nd7 45. Ne2 Kf7 46. Kg1 g5
47. Kf2 Ke6 48. Ke3 Ne5 49. Bxe5 Kxe5 50. Ng3 1-0

[Event "Offene Hessische Senioren Einzelmeisters"]
[Site "Bad Sooden- Allendorf"]
[Date "2011.04.30"]
[Round "1.82"]
[White "Wauer, Klaus"]
[Black "Nietsch, Horst"]
[Result "0-1"]
[WhiteElo "1835"]
[BlackElo "2010"]
[PlyCount "97"]
[EventDate "2011.??.??"]

1. e4 g6 2. d4 Bg7 3. Nf3 d6 4. h3 Nf6 5. Nc3 O-O 6. Bc4 c6 7. O-O b5 8. Bd3 b4
9. Ne2 Nbd7 10. c3 a5 11. Ng3 e5 12. dxe5 dxe5 13. Be3 bxc3 14. bxc3 Re8 15.
Rb1 Qc7 16. Re1 Bf8 17. Qc2 Nc5 18. Bc4 Be6 19. Bxe6 Rxe6 20. Red1 Ree8 21. Rd2
h6 22. Rbd1 Qc8 23. Ne1 Qe6 24. c4 Rab8 25. Bxc5 Bxc5 26. Nd3 Bd4 27. Rb1 Rxb1+
28. Qxb1 Qxc4 29. Qb3 Qxb3 30. axb3 Rb8 31. Nc1 h5 32. Re2 Rb4 33. Kf1 h4 34.
Nh1 a4 35. bxa4 Rxa4 36. f3 Ra1 37. Rc2 Be3 38. Rxc6 Rxc1+ 39. Rxc1 Bxc1 40.
Nf2 Bf4 41. Nh1 Bg3 42. Ke2 Nh5 43. Kf1 Kf8 44. Ke2 Nf4+ 45. Kf1 Ke7 46. Kg1
Kd6 47. Kf1 Kc5 48. Nxg3 hxg3 49. h4 0-1

[Event "Offene Hessische Senioren Einzelmeisters"]
[Site "Bad Sooden- Allendorf"]
[Date "2011.04.30"]
[Round "1.83"]
[White "Huhn, Ulrich"]
[Black "Ludwig, Siegfried"]
[Result "1/2-1/2"]
[WhiteElo "2030"]
[BlackElo "1630"]
[PlyCount "77"]
[EventDate "2011.??.??"]

1. d4 d5 2. Nc3 e6 3. Nf3 Nc6 4. e4 Bb4 5. e5 f6 6. Bb5 Bd7 7. Bxc6 Bxc6 8. O-O
Qe7 9. a3 Bxc3 10. bxc3 Qf7 11. Re1 h6 12. a4 a5 13. Qd3 Ne7 14. Ba3 Qg6 15.
Qxg6+ Nxg6 16. exf6 gxf6 17. Rxe6+ Kf7 18. Rae1 Rhe8 19. Rxe8 Rxe8 20. Rxe8
Bxe8 21. Bc1 Kg7 22. Nd2 Nf4 23. Kf1 Bxa4 24. Nb3 Bb5+ 25. Ke1 Nxg2+ 26. Kd2 a4
27. Nc5 b6 28. Ne6+ Kg6 29. Nxc7 Bc6 30. Na6 Nh4 31. Nb4 Bb7 32. Ke3 Nf5+ 33.
Kf4 Nd6 34. Bb2 Nc4 35. Ba1 a3 36. Kf3 Kf5 37. Nd3 h5 38. Nb4 Nd2+ 39. Ke2
1/2-1/2

[Event "Offene Hessische Senioren Einzelmeisters"]
[Site "Bad Sooden- Allendorf"]
[Date "2011.04.30"]
[Round "1.84"]
[White "Girod, Gudrun"]
[Black "Görtz, Hans"]
[Result "0-1"]
[WhiteElo "1568"]
[BlackElo "1989"]
[PlyCount "54"]
[EventDate "2011.??.??"]

1. d4 Nf6 2. e3 d6 3. Nf3 g6 4. Be2 Bg7 5. c3 O-O 6. O-O Nc6 7. Nbd2 e5 8. dxe5
dxe5 9. Nc4 Qe7 10. h3 a6 11. b3 Rd8 12. Qe1 b5 13. Ncd2 e4 14. Nd4 Nxd4 15.
cxd4 Nd5 16. Bb2 c5 17. Rb1 cxd4 18. exd4 Bb7 19. Kh1 Nf4 20. Bd1 Qg5 21. Rg1
Qh4 22. f3 Qxe1 23. Rxe1 Nd3 24. Re2 Nxb2 25. Rxb2 exf3 26. Re7 fxg2+ 27. Kg1
Bxd4+ 0-1

[Event "Offene Hessische Senioren Einzelmeisters"]
[Site "Bad Sooden- Allendorf"]
[Date "2011.04.30"]
[Round "1.85"]
[White "Rollwitz, Jürgen"]
[Black "Fritsche, Rainer"]
[Result "1-0"]
[WhiteElo "1978"]
[BlackElo "1657"]
[PlyCount "107"]
[EventDate "2011.??.??"]

1. e4 e6 2. d4 d5 3. exd5 exd5 4. Bd3 Bd6 5. Ne2 Nf6 6. Bf4 O-O 7. O-O Nc6 8.
c3 Ne7 9. Qc2 Ng6 10. Bxd6 Qxd6 11. Bf5 Bxf5 12. Qxf5 Rfe8 13. Ng3 c6 14. Nd2
Qd7 15. Qxd7 Nxd7 16. Nf3 Nf6 17. Rfe1 Kf8 18. Rxe8+ Rxe8 19. Re1 h6 20. Rxe8+
Nxe8 21. Nf5 Nf4 22. Ne1 h5 23. g3 Ne6 24. Kf1 g6 25. Ne3 Nd6 26. Ke2 Ke7 27.
Nd3 f6 28. f3 a5 29. Ng2 g5 30. f4 b6 31. fxg5 Nxg5 32. Ngf4 Nge4 33. Nxh5 Kf7
34. Nhf4 Nf5 35. Nf2 Nfd6 36. Nxe4 Nxe4 37. Ke3 f5 38. Nd3 Ke6 39. Kf4 c5 40.
Ne5 cxd4 41. cxd4 Nd6 42. h4 Ne8 43. g4 fxg4 44. Kxg4 b5 45. Kg5 b4 46. Nc6 Nc7
47. Nxa5 Nb5 48. Nb3 Nd6 49. h5 Kf7 50. Nc5 Kg7 51. Ne6+ Kh8 52. Nf4 Nb5 53.
Nxd5 Nxd4 54. Nxb4 1-0